History of modern maharashtra 1848-1960 paper-I, option-B (FYBA) (Record no. 827496)

MARC details
000 -LEADER
fixed length control field 00638nam a2200217Ia 4500
008 - FIXED-LENGTH DATA ELEMENTS--GENERAL INFORMATION
fixed length control field 101110s9999 xx 000 0 und d
041 ## - LANGUAGE CODE
Language code of text/sound track or separate title ENGLISH
082 ## - DEWEY DECIMAL CLASSIFICATION NUMBER
Item number SR34995
100 ## - MAIN ENTRY--PERSONAL NAME
Personal name Saynekar Shyam M.
245 ## - TITLE STATEMENT
Title History of modern maharashtra 1848-1960 paper-I, option-B (FYBA)
260 ## - PUBLICATION, DISTRIBUTION, ETC. (IMPRINT)
Date of publication, distribution, etc 2010
Name of publisher, distributor, etc Sheth prakashan, Mumbai
300 ## - PHYSICAL DESCRIPTION
Extent 272
365 ## - TRADE PRICE
Price amount 125
520 ## - SUMMARY, ETC.
Summary, etc History
546 ## - LANGUAGE NOTE
Language note ENGLISH
630 ## - SUBJECT ADDED ENTRY--UNIFORM TITLE
Uniform title History of modern maharashtra 1848-1960 paper-I, option-B (FYBA)
650 ## - SUBJECT ADDED ENTRY--TOPICAL TERM
Topical term or geographic name as entry element History
655 ## - INDEX TERM--GENRE/FORM
Genre/form data or focus term History
730 ## - ADDED ENTRY--UNIFORM TITLE
Uniform title History of modern maharashtra 1848-1960 paper-I, option-B (FYBA)
942 ## - ADDED ENTRY ELEMENTS (KOHA)
Koha item type Book
Holdings
Withdrawn status Lost status Damaged status Not for loan Home library Current library Date acquired Source of acquisition Cost, normal purchase price Shelving control number Total Checkouts Barcode Date last seen Price effective from Koha item type
        D. B. J. College, Chiplun D. B. J. College, Chiplun   Pratham book & stationary supp., Mumbai, bill no.171, dt.21/10/10 125.00     DBJSR34995 11/11/2010 11/11/2010 Book